| Tag |
First Indicator |
Second Indicator |
Subfields |
| LEADER |
00000pam a2200000 i 4500 |
| 001 |
in00000056377 |
| 005 |
20151007081919.0 |
| 008 |
790801s1979 ne a b 00000 eng |
| 010 |
|
|
|a 79018952
|
| 020 |
|
|
|a 0444853766
|
| 035 |
|
|
|a (OCoLC)05286256
|
| 035 |
|
|
|9 AAF7094AM
|
| 040 |
|
|
|a DLC
|c DLC
|d TXA
|d UtOrBLW
|
| 049 |
|
|
|a TXAM
|c [1159815]
|
| 050 |
0 |
0 |
|a HD30.25
|b .I48
|
| 082 |
0 |
|
|a 658.4
|
| 245 |
0 |
4 |
|a The Implementation of management science /
|c edited by R. Doktor, R. L. Schultz, D. P. Slevin.
|
| 264 |
|
1 |
|a Amsterdam ;
|a New York :
|b North-Holland Pub. Co. ;
|c 1979.
|
| 264 |
|
2 |
|a New York :
|b Sole distributors for the U.S.A. and Canada, Elsevier North-Holland,
|
| 300 |
|
|
|a vi, 239 pages :
|b illustrations ;
|c 24 cm.
|
| 336 |
|
|
|a text
|b txt
|2 rdacontent
|
| 337 |
|
|
|a unmediated
|b n
|2 rdamedia
|
| 338 |
|
|
|a volume
|b nc
|2 rdacarrier
|
| 490 |
1 |
|
|a TIMS studies in the management sciences ;
|v v. 13
|
| 504 |
|
|
|a Includes bibliographies.
|
| 650 |
|
0 |
|a Management
|x Mathematical models.
|
| 650 |
|
0 |
|a Decision making
|x Mathematical models.
|
| 650 |
|
0 |
|a Operations research.
|
| 700 |
1 |
|
|a Doktor, Robert H.,
|d 1943-
|
| 700 |
1 |
|
|a Schultz, Randall L.
|
| 700 |
1 |
|
|a Slevin, Dennis P.
|
| 740 |
0 |
|
|a Management science.
|
| 830 |
|
0 |
|a TIMS studies in the management sciences ;
|v v. 13.
|
| 999 |
|
|
|a MARS
|
| 999 |
f |
f |
|s 54b35b56-7390-36cf-b549-70dffaebc100
|i c737e9c1-1672-37d7-bcbc-f1a6ceee9961
|t 0
|
| 952 |
f |
f |
|p ric
|a Texas A&M University
|b Rellis Campus
|c Joint Library Facility
|s JLF
|d Remote Storage
|t 0
|e HD30.25 .I48
|h Library of Congress classification
|i unmediated -- volume
|m A14802611799
|
| 998 |
f |
f |
|a HD30.25 .I48
|t 0
|l Remote Storage
|